El sistema de los enteros (Registro nro. 7348)

Detalles MARC
000 -CABECERA
Campo de control interno 01694nam a2200229Ia 4500
008 - ELEMENTOS DE LONGITUD FIJA - INFORMACIÓN GENERAL
Campo de control de longitud fija 260220t1970||||xx |||||||||||||| ||spa||
040 ## - FUENTE DE CATALOGACIÓN
Agencia de catalogación original PY-SlUNAC
Idioma de catalogación spa
Convenciones de descripción rda
041 ## - CÓDIGO DE IDIOMA
Código de idioma para texto/pista de sonido o título separado spa
082 ## - NÚMERO DE CLASIFICACIÓN DECIMAL DEWEY
Clasificación Decimal Dewey (CDD) 510
Clasificación Expansiva de Cutter (EC) N213s
245 #0 - TÍTULO
Título El sistema de los enteros
264 ## - PIE DE IMPRENTA
Lugar Ciudad de México :
Editorial Trillas,
Año ℗1970.
300 ## - DESCRIPCIÓN FÍSICA
Páginas 1 volumen
520 ## - NOTA DE RESUMEN
Nota de resumen "El sistema de los enteros" es un libro educativo publicado por Trillas en 1970, que aborda de manera integral el concepto de los números enteros y su aplicación en diversas áreas de las matemáticas. A lo largo de sus capítulos, se presentan las propiedades fundamentales de los enteros, incluyendo la adición, sustracción, multiplicación y división, así como su representación en la recta numérica. El texto está diseñado para facilitar la comprensión de los estudiantes mediante ejemplos prácticos y ejercicios que refuerzan el aprendizaje. Además, se exploran las relaciones entre los números enteros y otras operaciones matemáticas, fomentando un enfoque crítico y analítico en la resolución de problemas. La obra destaca la importancia de los enteros en el desarrollo del pensamiento lógico y matemático, siendo una herramienta invaluable para educadores y alumnos. En resumen, el libro no solo proporciona una base sólida en aritmética, sino que también promueve el interés por las matemáticas como disciplina esencial en la formación académica.
653 ## - MATERIA - TÉRMINO TEMÁTICO NO CONTROLADO (PALABRAS CLAVE)
Materia - término temático no controlado (palabras clave) Educación matemática
653 ## - MATERIA - TÉRMINO TEMÁTICO NO CONTROLADO (PALABRAS CLAVE)
Materia - término temático no controlado (palabras clave) Matemáticas
653 ## - MATERIA - TÉRMINO TEMÁTICO NO CONTROLADO (PALABRAS CLAVE)
Materia - término temático no controlado (palabras clave) Números enteros
942 ## - ELEMENTOS PERSONALIZADOS (KOHA)
Fecha catalogación 2026/02/17
Tipo de documento Libros
Existencias
Fuente de Clasificacion Colección Ubicacion permanente Biblioteca actual Fecha de Ingreso a la Biblioteca Origen de adquisición Código de ubicación Código de barras Tipo de Item KOHA Nota pública
Dewey Decimal Classification Colección General (CG) Biblioteca e Internet, Facultad de Ciencias Exactas y Naturales Biblioteca e Internet, Facultad de Ciencias Exactas y Naturales 02/20/2026 Donación 510 N213s CG708 Libros Material disponible en la Biblioteca e Intenet, Campus UNA, San Lorenzo.